LEADER 01385nam a2200337 i 4500 001 991001232159707536 005 20020507185704.0 008 940921s1992 uk ||| | eng 020 $a0198522355 035 $ab10819083-39ule_inst 035 $aLE01309078$9ExL 040 $aDip.to Matematica$beng 082 0 $a519.23 084 $aAMS 60G99 100 1 $aBarbour, A. D.$0536411 245 10$aPoisson approximation /$cA.D. Barbour, Lars Holst, Svante Janson 260 $aOxford [England] :$bClarendon Press,$c1992 300 $ax, 277 p. ;$c24 cm. 490 0 $aOxford studies in probability ;$v2 500 $aIncludes bibliographical references (p. [264]-272) and index 650 4$aApproximation theory 650 4$aPoisson distribution 700 1 $aHolst, Lars$eauthor$4http://id.loc.gov/vocabulary/relators/aut$0736481 700 1 $aJanson, Svante$eauthor$4http://id.loc.gov/vocabulary/relators/aut$0736482 907 $a.b10819083$b23-02-17$c28-06-02 912 $a991001232159707536 945 $aLE013 60G BAR11 (1992)$g1$i2013000015583$lle013$o-$pE0.00$q-$rl$s- $t0$u1$v0$w1$x0$y.i10925892$z28-06-02 945 $aLE025 ECO 519.2 BAR02.01$g1$i2025000094376$lle025$o-$pE0.00$q-$rl$s- $t0$u1$v0$w1$x0$y.i14554604$z17-09-07 996 $aPoisson approximation$91455890 997 $aUNISALENTO 998 $ale013$ale025$b01-01-94$cm$da $e-$feng$guk $h0$i1 LEADER 01798nam0 22004093i 450 001 BVE0037000 005 20251003044051.0 010 $a8814041156 020 $aIT$bEDI-318 100 $a20150508d1993 ||||0itac50 ba 101 | $aita$cita 102 $ait 181 1$6z01$ai $bxxxe 182 1$6z01$an 183 1$6z01$anc$2RDAcarrier 200 1 $aˆLa ‰direttiva nell'ordinamento amministrativo$eprofili generali$fGirolamo Sciullo 210 $aMilano$cGiuffrè$d1993 215 $aXII, 268 p.$d24 cm. 225 | $aCollana di diritto pubblico$fCentro nazionale di prevenzione e difesa sociale$v5 410 0$1001CFI0015661$12001 $aCollana di diritto pubblico$fCentro nazionale di prevenzione e difesa sociale$v5$171202$aCentro nazionale di prevenzione e difesa sociale$3CFIV001660 500 10$aˆLa ‰direttiva nell'ordinamento amministrativo$3EVE0017675$9CFIV113976$9895887 606 $aDirettive amministrative$2FIR$3CFIC063005$9I 676 $a342$9DIRITTO COSTITUZIONALE E AMMINISTRATIVO$v12 676 $a342.066$9$v21 676 $a342.45066$9PROCEDIMENTO AMMINISTRATIVO. ITALIA$v19 676 $a342.45066$9Diritto di specifiche giurisdizioni. Procedura amministrativa. Italia$v20 676 $a342.45066$9$v21 700 1$aSciullo$b, Girolamo$3CFIV113976$4070$0438031 801 3$aIT$bIT-000000$c20150508 850 $aIT-BN0095 $aIT-SA0370 901 $bNAP 01$cD $n$ 901 $bNAP OP$cSALA 1 $n$ 912 $aBVE0037000 950 0$aBiblioteca Centralizzata di Ateneo$d 01D (AR) 14 256$e 01AR 0700142565 VMA 1 v.$fY $h19941214$i20180903 977 $a 01$a OP 996 $aDirettiva nell'ordinamento amministrativo$9895887 997 $aUNISANNIO